000 00468nam a2200181Ia 4500
001 12238
005 20260306162926.0
008 260306t2020||||xx |||||||||||||| ||spa||
041 _aESP
082 _aHR 343.6
_bAGO 2020 REDA
100 _aMartín-Retortillo Baquer, Lorenzo
_eAUT
245 0 _aRevista española de derecho administrativo
260 _c2020
300 _a389 páginas :
_c24 cm.
650 _aGEN
654 _aCDE
942 _cREV
_dJUS
_fJUS
_2ddc
_n
999 _c12238
_d12238